| 000 | 00549nam a2200169 a 4500 | ||
|---|---|---|---|
| 001 | 000038445 | ||
| 005 | 20201002031249.0 | ||
| 008 | 130411s2012 dr 000 0 spa d | ||
| 020 | _a9789945882766 | ||
| 040 |
_aDO-SdBNP _bspa _cBNPHU |
||
| 100 | 1 |
_aRoa Wilson _964788 |
|
| 245 | 1 | 0 |
_aCuesta arriba / _cWilson Roa ; presentación Rubén Sabala Moreta. |
| 260 |
_aSanto Domingo : _bRecinto Urania Montás, _c2012. |
||
| 300 |
_a92 p. ; _c22 cm. |
||
| 500 | _aIncluye datos biográficos del autor en la solapa | ||
| 700 | 1 |
_aSabala Moreta, Rubén _964789 |
|
| 999 |
_c37935 _d37935 |
||